• 首页
  • 本馆介绍
  • 公告通知
  • 最新文献
  • 馆藏检索
  • 电子资源
  • 读者导购
  • 参考咨询
  • 我的图书馆
  • 登录
  • 详细信息显示
  • 放入我的书架
  • 预约/预借图书
  • 作者相关作品
  • 分类相关作品
  • 丛书相关作品
  • 出版社相关作品

书目信息

  • 表格格式
  • 工作单格式
  • 卡片格式
题名:
新时代党的农村基层组织工作的基本遵循
    
 
作者: 国明理 主编
分册:  
出版信息: 北京   东方出版社  2019.04
页数: 191页
开本: 24cm
丛书名:
单 册:
中图分类: D267.2
科图分类:
主题词:
电子资源:
ISBN: 978-7-5207-0919-4
000 01194nam0 2200253 450
001 CAL 0120192724854
005 20230308143222.0
010    @a978-7-5207-0919-4@dCNY39.00
100    @a20190402d2019 em y0chiy0120 ea
101 0  @achi
102    @aCN@b110000
105    @aa z 000yy
106    @ar
200 1  @a新时代党的农村基层组织工作的基本遵循@Axin shi dai dang de nong cun ji ceng zu zhi gong zuo de ji ben zun xun@f国明理主编
205    @a图解版
210    @a北京@c东方出版社@d2019.04
215    @a191页@c图@d24cm
300    @a认真学习遵照执行《中国共产党农村基层组织工作条例》
330    @a本书作者国明理, 原名石国亮, 在党组织建设方面有着很深的研究。农村工作在党和国家事业全局中具有重要战略地位, 是全党工作的重中之重。党的农村基层组织是党在农村全部工作和战斗力的基础, 全面领导乡镇、村的各种组织和各项工作。本书从理论与实践相结合的角度对农村基层组织工作进行了深入阐释, 有理论、有实践、有案例, 力求深入浅出, 通俗易懂, 是做好农村基层组织建设工作的重要参考。
601 02 @a中国共产党@Azhong guo gong chan dang@x农村@x基层组织@x党的建设@x研究
690    @aD267.2@v5
701  0 @a国明理@Aguo ming li@4主编
801  0 @aCN@bBJXHXP@c20230308
905    @b1392298-302@dD267.2@e2019@f5
    
    新时代党的农村基层组织工作的基本遵循/国明理主编.-图解版.-北京:东方出版社,2019.04
    191页:图;24cm
    认真学习遵照执行《中国共产党农村基层组织工作条例》
    
    ISBN 978-7-5207-0919-4:CNY39.00
    本书作者国明理, 原名石国亮, 在党组织建设方面有着很深的研究。农村工作在党和国家事业全局中具有重要战略地位, 是全党工作的重中之重。党的农村基层组织是党在农村全部工作和战斗力的基础, 全面领导乡镇、村的各种组织和各项工作。本书从理论与实践相结合的角度对农村基层组织工作进行了深入阐释, 有理论、有实践、有案例, 力求深入浅出, 通俗易懂, 是做好农村基层组织建设工作的重要参考。
●
相关链接 在E读中查询图书 在五车中查询图书 在当当中查询图书 在豆瓣中查询图书


正题名:新时代党的农村基层组织工作的基本遵循     索取号:D267.2/2019         预约/预借

序号 登录号 条形码 馆藏地/架位号 状态 备注
1 1392298   213922987   第一样本阅览室/ [索取号:D267.2/2019] 在馆    
2 1392299   213922996   第一借阅区/ [索取号:D267.2/2019] 在馆    
3 1392300   213923003   第一借阅区/ [索取号:D267.2/2019] 在馆    
4 1392301   213923012   第一借阅区/ [索取号:D267.2/2019] 在馆    
5 1392302   213923021   第一借阅区/ [索取号:D267.2/2019] 在馆    
唐山师范学院图书馆 欢迎您!
大连网信软件有限公司© 版权所有